| 000 | 00780nam a22001817a 4500 | ||
|---|---|---|---|
| 005 | 20120209102810.0 | ||
| 020 |
_c70.00 _a |
||
| 035 | _aA-814611 | ||
| 037 |
_b _adpl |
||
| 082 | _a158.1 | ||
| 100 |
_aमार्डन, स्वेट _941279 |
||
| 245 | 1 |
_aआत्मविश्वास की पूंजी / _cस्वेट मार्डन |
|
| 260 |
_aचण्डीगढ़ _bअभिषेक पब्लिकेशन्ज़ _c1996 |
||
| 270 |
_a _b _e _k |
||
| 300 |
_a84पृ. _c22सेमी (सजिल्द) |
||
| 942 |
_adpl _cHN _k _2ddc _h158.1 _mमार्डन |
||
| 999 |
_c62348 _d62348 |
||